[Event "Petrolina Cordioli Memorial op"]
[Site "Petrolina"]
[Date "2007.10.20"]
[Round "5"]
[White "Da Silva, Valdinei"]
[Black "De Alenca, Frederico Augusto L"]
[Result "1-0"]
[WhiteElo "1834"]
[BlackElo "1800"]
[PlyCount "39"]
[EventDate "2007.10.09"]
[EventType "swiss"]
[EventRounds "7"]
[EventCountry "BRA"]
[SourceTitle "EXT 2022"]
[Source "ChessBase"]
[SourceDate "2021.10.06"]
[SourceVersion "1"]
[SourceVersionDate "2021.10.06"]
[SourceQuality "1"]

1. e4 e5 2. Nc3 Nf6 3. Nf3 Bb4 4. Bc4 Bxc3 5. dxc3 Nxe4 6. Nxe5 0-0 7. 0-0 Qf6 8. Ng4 Qg6 9. f3 d6 10. Bd3 f5 11. Ne3 Nc5 12. Nd5 Rf7 13. Bc4 Kh8 14. Nf4 Qf6 15. Bxf7 Qxf7 16. Re1 Bd7 17. Be3 Nba6 18. Bxc5 dxc5 19. Nh5 Qxh5 20. Qxd7 1-0